Two in the pulpit: (Record no. 12254)

000 -LEADER
fixed length control field 00612nam a2200205 a 4500
001 - CONTROL NUMBER
control field :::00010056$&:&@@
003 - CONTROL NUMBER IDENTIFIER
control field OkBaRHE
005 - DATE AND TIME OF LATEST TRANSACTION
control field 20000607103355.0
008 - FIXED-LENGTH DATA ELEMENTS--GENERAL INFORMATION
fixed length control field s1973 j 000 0 eng u
040 ## - CATALOGING SOURCE
Transcribing agency
100 1# - MAIN ENTRY--PERSONAL NAME
Personal name Conley, Thomas H.
245 10 - TITLE STATEMENT
Title Two in the pulpit:
Remainder of title sermons in dialogue.
260 ## - PUBLICATION, DISTRIBUTION, ETC. (IMPRINT)
Place of publication, distribution, etc Waco, TX., :
Name of publisher, distributor, etc Word Books
Date of publication, distribution, etc c1973
300 ## - PHYSICAL DESCRIPTION
Extent 116 p. ;
Dimensions 21 cm.
650 ## - SUBJECT ADDED ENTRY--TOPICAL TERM
Topical term or geographic name as entry element Baptists
General subdivision Sermons
650 ## - SUBJECT ADDED ENTRY--TOPICAL TERM
Topical term or geographic name as entry element Dialogue Sermons
650 ## - SUBJECT ADDED ENTRY--TOPICAL TERM
Topical term or geographic name as entry element Sermons, American
942 ## - ADDED ENTRY ELEMENTS (KOHA)
Source of classification or shelving scheme
Koha item type Books
Copies
Date acquired Shelving location Lost status Damaged status Barcode Permanent Location Not for loan Source of classification or shelving scheme Koha item type Price effective from Copy number Date last seen Full call number Withdrawn status
2010-04-14General Stacks  10056RHEMA Bible Training College  Books2010-04-1412010-04-14BV 4307 .D5C65